logo

Bir Sreshtho Munshi Abdur Rouf Library
Jhenaidah Cadet College

Discovery Communicative English Grammar : (Record no. 6512)

MARC details
000 -LEADER
fixed length control field 00667nam a22002297a 4500
001 - CONTROL NUMBER
JCCL Control Number 6512
003 - CONTROL NUMBER IDENTIFIER
JCCL marc code BD-JhCC
005 - DATE AND TIME OF LATEST TRANSACTION
control field 20180315130210.0
008 - FIXED-LENGTH DATA ELEMENTS--GENERAL INFORMATION
fixed length control field 180124s2004 bg |||| |||| 00| 0 eng d
035 ## - SYSTEM CONTROL NUMBER
system control number (BD-JhCC)6512
040 ## - CATALOGING SOURCE
Original cataloging agency BD-JhCC
Modifying agency BD-JhCC
041 ## - LANGUAGE CODE
Language code of Book eng
082 ## - DEWEY DECIMAL CLASSIFICATION NUMBER
Classification number 428.24
Author mark and Year SAR 2004
100 ## - MAIN ENTRY--PERSONAL NAME
Personal name Sarker, Ratan Kumar
245 ## - TITLE STATEMENT
Title Discovery Communicative English Grammar :
Remainder of title for classes IX, X & SSC Examination /
Statement of responsibility, etc Ratan Kumar Sarker and Md. Nazrul Islam
260 ## - PUBLICATION, DISTRIBUTION, ETC. (IMPRINT)
Place of publication, distribution, etc Dhaka :
Name of publisher, distributor, etc Hassan Book Depot,
Date of publication, distribution, etc 2004.
300 ## - PHYSICAL DESCRIPTION
Pagination Various Pages :
Dimensions 26 cm.
650 ## - SUBJECT ADDED ENTRY--TOPICAL TERM
Topical term or geographic name as entry element English Grammar
700 ## - ADDED ENTRY--PERSONAL NAME
Personal name Islam, Md. Nazrul
942 ## - ADDED ENTRY ELEMENTS (KOHA)
Source of classification or shelving scheme Dewey Decimal Classification
Koha item type Books
Holdings
Source of classification or shelving scheme Damaged status Not for loan Home library Current library Date of accession Cost, normal purchase price Total Checkouts Full call number Barcode Date last seen Copy number Koha item type Shelving location
Dewey Decimal Classification     JCC Rouf Library JCC Rouf Library 01/24/2018 200.00   428.24 SAR 2004 8765 01/24/2018 C-1 Books  
Dewey Decimal Classification     JCC Rouf Library JCC Rouf Library 03/15/2018 175.00   428.24 SAR 2004 12412 03/15/2018 C-2 Books General Stacks

JCC Library | Contacts | JCC Home

Last Update on 23 September 2017
Copyright @ 2017-2020 JCC Rouf Library
Rouf Library, Jhenidah Cadet College (JCC), Bangladesh